Liverpool Squad 24/25 - Statistics

General Stats
  • This quiz has been taken 273 times
    206 since last reset
  • The average score is 20 of 23
Answer Stats
# Nation Former Club Answer % Correct
1 Brazil Roma Alisson
100%
7 Colombia Porto Luis Diaz
99%
11 Egypt Roma Mohamed Salah
99%
4 Netherlands Southampton Virgil van Dijk
98%
10 Argentina Brighton Alexis Mac Allister
97%
5 France Leipzig Ibrahima Konate
97%
9 Uruguay Benfica Darwin Nunez
96%
8 Hungary Leipzig Dominik Szoboszlai
95%
26 Scotland Hull City Andrew Robertson
93%
14 Italy Juventus Federico Chiesa
93%
3 Japan Stuttgart Wataru Endo
91%
18 Netherlands PSV Cody Gakpo
89%
20 Portugal Wolves Diogo Jota
89%
21 Greece Olympiacos Kostas Tsimikas
88%
66 England Youth Trent Alexander-Arnold
87%
38 Netherlands Bayern Ryan Gravenberch
86%
17 England Youth Curtis Jones
81%
2 England Charlton Athl Joe Gomez
80%
62 Ireland Youth Caoimhin Kelleher
76%
19 England Fulham Harvey Elliott
68%
84 England Youth Conor Bradley
65%
78 England Youth Jarell Quansah
61%
56 Czechia Youth Vitezslav Jaros
44%
No matching quizzes found
Score Distribution
Percent of People with Each Score
Percentile by Number Answered
Your Score History
You have not taken this quiz since the last reset